Le nouveau déluge (Registro nro. 86517)

Detalles MARC
000 -ENCABEZADO
Número de control [NR] 00504nam a22001697a 4500
008 - DE LONGITUD FIJA DE DATOS DE ELEMENTOS - INFORMACIÓN GENERAL
Elementos de longitud fija [NR] 130821s1992 fr gr fre
040 ## - FUENTE DE CATALOGACION [NR]
Agencia de catalogación original [NR] Co-BoUCM
Idioma de catalogación [NR] spa
041 00 - CODIGO DE IDIOMA [R]
Código de idioma para texto/pista de sonido o título separado [R] Francés
100 ## - ASIENTO PRINCIPAL--NOMBRE PERSONAL [NR]
Nombre personal [NR] Roger, Noelle
ID Autoridad 149976
245 00 - MENCION DE TITULO [NR]
Título [NR] Le nouveau déluge
Mención de responsabilidad, etc. [NR] Noelle Roger
260 ## - PUBLICACION, DISTRIBUCION, ETC. (PIE DE IMPRENTA) [R]
Lugar de publicación, distribución, etc. [R] París (Francia)
Nombre del editor, distribuidor, etc. [R] Calmann-Lévy
Fecha de publicación, distribución, etc. [R] 1992
300 ## - DESCRIPCION FISICA [R]
Extensión [R] 308 páginas
500 ## - NOTA GENERAL [R]
Nota general [NR] Incluye índice
650 04 - ASIENTO SECUNDARIO DE MATERIA - TERMINO TEMATICO [R]
Término temático o nombre geográfico como elemento de entrada [NR] Novela francesa
9 (RLIN) 20506
942 ## - ELEMENTOS DE ENTRADA AGREGADOS (KOHA)
Tipo de ítem principal el descrito en 300a Libro
Tema principal Literatura
Edición 1
Parte restante de la signatura top. R64
Título oculto en OPAC No
Sistema de clasificación DEWEY
Clasificación 843
Existencias
Signatura topográfica Código de barras Última vez visto Volúmen / Fascículo Ejemplar Price effective from Tipo de ítem Perdido Sistema de clasificación Dañado No prestable Tipo de ítem específico Suprimido Ubicación habitual Ubicación actual Localización Fecha de creación Forma de adquisición Costo
FCS 843 R64 120002157 11/07/2012 1922 Ej.1 03/02/2013 Libro   DEWEY     Fondos especiales     Archivo Histórico Archivo histórico 28/02/2003 Donación 1000.00